| 000 | 01798 a2200253 4500 | ||
|---|---|---|---|
| 001 | 261 | ||
| 005 | 20260407155417.0 | ||
| 008 | 260407a1993 arg spa d | ||
| 003 | AR-UNSa-BCEJYS | ||
| 040 |
_aAR-UNSa-BCEJYS _bspa _cAR-UNSa-BCEJYS |
||
| 080 |
_a004.41 _xIngenieria de software |
||
| 245 | 1 | 0 | _aAnálisis estructurado moderno |
| 020 | _a978-968-880-303-5 | ||
| 264 | 1 |
_aMéxico : _bPrentice-Hall _c1993 |
|
| 300 |
_ax, 735 p. _c23 cm |
||
| 505 | _a1. Introducción - 2. La naturaleza de los sistemas - 3. Los participantes en el juego de los sistemas - 4. Herramientas del análisis estructurado - 5. El ciclo de vida del proyecto - 6. Aspectos importantes en el desarrollo de sistemas - 7. Cambios en el análisis de sistemas - 8. Características de las herramientas de modelado - 9. Diagramas de flujo de datos - 10. El diccionario de datos - 11. Especificaciones de proceso - 12. Diagramas de entidad-relación - 13. Diagramas de transición de estados - 14. Balanceo de modelos - 15. Herramientas adicionales de modelado - 16. Herramientas de modelado para administración de proyectos - 17. El modelo esencial - 18. El modelo ambiental - 19. Construcción de un modelo preliminar de comportamiento - 20. Terminado del modelo de comportamiento - 21. El modelo de implantación del usuario - 22. Pasando al diseño - 23. Programación y prueba - 24. Mantenimiento de la especificación - 25. El futuro del análisis estructurado | ||
| 041 | _aspa | ||
| 942 | _cBK | ||
| 590 | _aniveau_biblio:m niveau_hierar:0 | ||
| 100 | 1 | _aYourdon, Edward | |
| 700 | 1 | _aTaylor Armitage, Alexandra | |
| 700 | 1 | _aLevine Gutiérrez, Guillermo | |
| 856 | 4 | 1 |
_uhttps://biblioeco.unsa.edu.ar/pmb/images/libros/An?lisis estructurado moderno Yourdon, Edward (1993).jpg _yImagen de portada _qimage/jpeg |
| 999 |
_c173 _d173 |
||